[Event "Tata Steel IND Blitz Open"]
[Site "Kolkata IND"]
[Date "2023.09.09"]
[Round "14.5"]
[White "Abdusattorov, Nodirbek"]
[Black "Keymer, Vincent"]
[Result "1-0"]
[WhiteTitle "GM"]
[BlackTitle "GM"]
[WhiteElo "2716"]
[BlackElo "2717"]
[WhiteFideId "14204118"]
[BlackFideId "12940690"]
[EventDate "2023.09.08"]

1. d4 Nf6 2. Nf3 e6 3. Bg5 h6 4. Bh4 c5 5. e3 cxd4 6. exd4 Qb6 7. Qc1 Nc6 8. c3
g5 9. Bg3 Ne4 10. Bd3 Nxg3 11. hxg3 Bg7 12. Nbd2 d5 13. Nb3 g4 14. Ng1 e5 15.
Ne2 Be6 16. Qd2 O-O-O 17. O-O-O Kb8 18. Kb1 f6 19. Nc5 Bc8 20. Rh5 f5 21. Nb3 a5
22. dxe5 Bxe5 23. Bxf5 Qxf2 24. Bxc8 Rxc8 25. Ned4 Bxd4 26. Nxd4 Qxg3 27. Rxd5
a4 28. Nb5 Qh2 29. a3 h5 30. Rd7 Qe5 31. Rd5 Qe4+ 32. Ka2 Qe6 33. Re1 Qg6 34.
Qf4+ Ka8 35. Qxa4+ Kb8 36. Qf4+ Ka8 37. Re4 b6 1-0

[Event "Tata Steel IND Blitz Open"]
[Site "Kolkata IND"]
[Date "2023.09.09"]
[Round "15.1"]
[White "Keymer, Vincent"]
[Black "Harikrishna, Pentala"]
[Result "0-1"]
[WhiteTitle "GM"]
[BlackTitle "GM"]
[WhiteElo "2717"]
[BlackElo "2711"]
[WhiteFideId "12940690"]
[BlackFideId "5007003"]
[EventDate "2023.09.08"]

1. c4 e6 2. Nc3 d5 3. d4 Nf6 4. cxd5 exd5 5. Bg5 c6 6. e3 h6 7. Bh4 Bf5 8. Qf3
Bh7 9. Bxf6 Qxf6 10. Qxf6 gxf6 11. Kd2 Nd7 12. Bd3 Bxd3 13. Kxd3 Rg8 14. g3 f5
15. Nf3 Nf6 16. Rag1 Ne4 17. Rg2 Be7 18. h3 h5 19. Ne2 Bf6 20. Kc2 Ke7 21. Nf4
Rh8 22. Rhg1 a5 23. Nd3 a4 24. Nd2 Nd6 25. h4 Ra5 26. Nb1 Ne4 27. Nc3 Kd7 28.
Rc1 Be7 29. Rgg1 Bd6 30. Kb1 Nd2+ 31. Kc2 Ne4 32. Rgd1 Ke7 33. Kb1 Rha8 34. Rc2
Rg8 35. Rdc1 Rga8 36. Ne2 Rh8 37. Rg1 Rg8 38. Rcc1 Nd2+ 39. Kc2 Ne4 40. Rg2 Rh8
41. Nef4 Rb5 42. Re1 Kd7 43. Nh3 Ke7 44. Ng5 Ra5 45. Nf3 Rg8 46. Nfe5 c5 47.
dxc5 Bxe5 48. Nxe5 Rxc5+ 49. Kd1 Rgc8 50. Nd3 Rc2 51. Re2 Rxe2 52. Kxe2 Rc2+ 53.
Kf3 Rd2 54. Nf4 Rxb2 55. a3 Nd2+ 56. Ke2 Nc4+ 57. Kd3 Nxa3 58. Rg1 Nb1 59. Nxd5+
Kd6 60. Nc3 0-1

[Event "Tata Steel IND Blitz Open"]
[Site "Kolkata IND"]
[Date "2023.09.09"]
[Round "15.2"]
[White "Praggnanandhaa, R"]
[Black "Grischuk, Alexander"]
[Result "0-1"]
[WhiteTitle "GM"]
[BlackTitle "GM"]
[WhiteElo "2727"]
[BlackElo "2732"]
[WhiteFideId "25059530"]
[BlackFideId "4126025"]
[EventDate "2023.09.08"]

1. e4 e5 2. Nf3 Nc6 3. Bc4 Bc5 4. d3 Nf6 5. Nc3 h6 6. a3 d6 7. Na4 Bb6 8. h3 Be6
9. Bxe6 fxe6 10. O-O Qd7 11. c3 g5 12. Nh2 O-O-O 13. b4 Qg7 14. Ng4 h5 15. Nxf6
Qxf6 16. Nxb6+ axb6 17. g3 Rdf8 18. Kg2 g4 19. h4 Qf3+ 20. Qxf3 Rxf3 21. Rd1 d5
22. Be3 d4 23. cxd4 exd4 24. Bf4 e5 25. Bg5 Nd8 26. Bxd8 Rxd8 27. a4 Kd7 28. Rd2
Ra8 29. Kf1 b5 30. a5 b6 31. Ke2 bxa5 32. bxa5 c5 33. a6 c4 34. Ra5 c3 35. Rd1
Kc6 36. Rb1 Rh8 37. Rf1 Kb6 38. Raa1 Ra8 39. Rfb1 Rxa6 40. Rxa6+ Kxa6 41. Ra1+
Kb6 42. Ra8 b4 43. Re8 Kb5 44. Rxe5+ Ka4 45. Rd5 b3 46. Rxd4+ Ka3 47. Rd8 c2 0-1

[Event "Tata Steel IND Blitz Open"]
[Site "Kolkata IND"]
[Date "2023.09.09"]
[Round "15.3"]
[White "Radjabov, Teimour"]
[Black "Vidit, Santosh Gujrathi"]
[Result "1-0"]
[WhiteTitle "GM"]
[BlackTitle "GM"]
[WhiteElo "2745"]
[BlackElo "2716"]
[WhiteFideId "13400924"]
[BlackFideId "5029465"]
[EventDate "2023.09.08"]

1. e4 c5 2. Nf3 e6 3. b3 Nf6 4. e5 Nd5 5. Bb2 Nc6 6. Nc3 Nxc3 7. Bxc3 b6 8. Bd3
Bb7 9. Be4 Be7 10. Qe2 Qc7 11. h4 h6 12. h5 O-O-O 13. a3 Kb8 14. b4 cxb4 15.
axb4 Bxb4 16. Bxb4 Nxb4 17. O-O f5 18. Bxb7 Qxb7 19. Ra4 Nc6 20. Rfa1 Rc8 21. c3
Rc7 22. d4 Na5 23. Nd2 Rxc3 24. Rxa5 bxa5 25. Rb1 Qxb1+ 26. Nxb1 Rc1+ 27. Kh2
Rxb1 28. Qa6 Rb6 29. Qxa5 d5 30. exd6 Rd8 31. Qe5 Rd7 32. d5 Rdxd6 33. dxe6 Kb7
34. e7 Re6 35. e8=Q Rxe8 36. Qxe8 Rc6 37. Qf7+ Rc7 38. Qxf5 Kb6 39. Qb1+ Kc6 40.
Qc2+ Kb6 41. Qb3+ Kc5 42. Qc3+ Kb6 43. Qb4+ Kc6 44. Qa5 Kb7 45. Qb5+ Kc8 46. g4
Rd7 47. Qc6+ Kd8 48. Qe4 Kc7 49. Kg3 a5 50. Qc4+ Kb6 51. Qe6+ Kc7 52. Qe5+ Kb6
53. Qb8+ Rb7 54. Qd6+ Kb5 55. Qd5+ Kb6 56. Qb3+ Ka6 57. Qc4+ Kb6 58. f4 Ra7 59.
Qd4+ Ka6 60. Qc5 Rb7 61. g5 hxg5 62. fxg5 Rb3+ 63. Kf4 a4 64. h6 gxh6 65. gxh6
Rh3 66. Qc6+ Ka5 67. Qc5+ Ka6 68. Qd6+ Ka5 69. Kg4 Rb3 70. h7 Rb4+ 71. Qxb4+ 1-0

[Event "Tata Steel IND Blitz Open"]
[Site "Kolkata IND"]
[Date "2023.09.09"]
[Round "15.5"]
[White "Abdusattorov, Nodirbek"]
[Black "Vachier-Lagrave, Maxime"]
[Result "0-1"]
[WhiteTitle "GM"]
[BlackTitle "GM"]
[WhiteElo "2716"]
[BlackElo "2727"]
[WhiteFideId "14204118"]
[BlackFideId "623539"]
[EventDate "2023.09.08"]

1. e4 c5 2. Nf3 d6 3. d4 cxd4 4. Qxd4 Nc6 5. Qe3 g6 6. Be2 Bg7 7. O-O Nf6 8. h3
O-O 9. Rd1 Qb6 10. Qxb6 axb6 11. Nc3 Nb4 12. a3 Be6 13. Rb1 Na2 14. Nxa2 Bxa2
15. Ra1 Be6 16. Bd3 Rfc8 17. Be3 Nd7 18. c3 Bb3 19. Rd2 Nc5 20. Re1 Nxd3 21.
Rxd3 Bc2 22. Rd2 Bxe4 23. Bxb6 Bxf3 24. gxf3 Rc6 25. Bd4 Bf8 26. f4 f6 27. Kg2
Kf7 28. Kf3 Ra5 29. Be3 Rc4 30. Red1 Rb5 31. Rc2 Bh6 32. Rd4 Rxd4 33. cxd4 Rb3
34. Ke4 Ke6 35. d5+ Kd7 36. Kd4 b5 37. Ke4 f5+ 38. Kf3 Bg7 39. Kg2 Bxb2 40. Bb6
Bc3 0-1

[Event "Tata Steel IND Blitz Open"]
[Site "Kolkata IND"]
[Date "2023.09.09"]
[Round "16.2"]
[White "Gukesh, D"]
[Black "Radjabov, Teimour"]
[Result "1-0"]
[WhiteTitle "GM"]
[BlackTitle "GM"]
[WhiteElo "2758"]
[BlackElo "2745"]
[WhiteFideId "46616543"]
[BlackFideId "13400924"]
[EventDate "2023.09.08"]

1. d4 e6 2. c4 f5 3. Nc3 Nf6 4. Nf3 d5 5. cxd5 exd5 6. Bf4 c6 7. e3 Be7 8. Bd3
Ne4 9. Qc2 Nd7 10. h3 Ndf6 11. Ne5 O-O 12. g4 Nxc3 13. bxc3 Ne4 14. f3 Bh4+ 15.
Ke2 Nf2 16. Rhg1 Nxd3 17. Qxd3 Qa5 18. g5 Re8 19. a4 g6 20. Bh2 Re6 21. Kd2 b6
22. Qb1 Bf2 23. Rf1 Bxe3+ 24. Kxe3 Qxc3+ 25. Qd3 Qxd3+ 26. Kxd3 Ba6+ 27. Ke3
Bxf1 28. Rxf1 c5 29. Rc1 Rc8 30. Kd3 a6 31. Bf4 c4+ 32. Kc3 b5 33. axb5 axb5 34.
Ra1 b4+ 35. Kxb4 Rb6+ 36. Kc3 Rcb8 37. Ra2 Rb1 38. Kc2 Rh1 39. Nd7 Rb3 40. Ra7
Kh8 41. Be5+ 1-0

[Event "Tata Steel IND Blitz Open"]
[Site "Kolkata IND"]
[Date "2023.09.09"]
[Round "16.3"]
[White "Vidit, Santosh Gujrathi"]
[Black "Praggnanandhaa, R"]
[Result "1-0"]
[WhiteTitle "GM"]
[BlackTitle "GM"]
[WhiteElo "2716"]
[BlackElo "2727"]
[WhiteFideId "5029465"]
[BlackFideId "25059530"]
[EventDate "2023.09.08"]

1. e4 e5 2. Nf3 Nc6 3. Bb5 a6 4. Ba4 d6 5. O-O Bd7 6. c3 g6 7. d4 Bg7 8. Bg5
Nge7 9. h3 h6 10. Be3 O-O 11. Nbd2 b6 12. Bb3 Kh8 13. dxe5 dxe5 14. Nh4 Qe8 15.
Nc4 Rd8 16. Qe2 f5 17. exf5 gxf5 18. f4 e4 19. Bf2 Nd5 20. g3 Kh7 21. Rad1 Be6
22. Ng2 Nce7 23. Nce3 Nxe3 24. Rxd8 Qxd8 25. Nxe3 Bxb3 26. axb3 a5 27. Rd1 Qc8
28. Qc4 h5 29. h4 Rf6 30. Qb5 Rc6 31. Kh2 Qe6 32. Rd8 Kg6 33. Re8 Bf6 34. Nc4
Qd7 35. Rxe7 Qxe7 1-0

[Event "Tata Steel IND Blitz Open"]
[Site "Kolkata IND"]
[Date "2023.09.09"]
[Round "16.4"]
[White "Grischuk, Alexander"]
[Black "Keymer, Vincent"]
[Result "1-0"]
[WhiteTitle "GM"]
[BlackTitle "GM"]
[WhiteElo "2732"]
[BlackElo "2717"]
[WhiteFideId "4126025"]
[BlackFideId "12940690"]
[EventDate "2023.09.08"]

1. d4 Nf6 2. c4 e6 3. Bg5 h6 4. Bh4 g5 5. Bg3 Bb4+ 6. Nd2 Ne4 7. Nf3 h5 8. Qc2
Nxd2 9. Nxd2 Nc6 10. h4 Nxd4 11. Qd3 Nf5 12. Be5 Rg8 13. O-O-O gxh4 14. e4 d6
15. Bc3 Bxc3 16. Qxc3 Nh6 17. f3 Qg5 18. Kb1 Bd7 19. Nb3 O-O-O 20. c5 dxc5 21.
Nxc5 Bc6 22. Rc1 Qd2 23. Qa3 Kb8 24. Rxh4 Rg5 25. Nb3 Qd6 26. Nc5 b6 27. Na6+
Kb7 28. Qc3 Ra5 29. b4 Rxa6 30. Bxa6+ Kxa6 31. Qxc6 Qxb4+ 32. Ka1 Rd2 33. Qc3
Qxc3+ 34. Rxc3 c5 35. Rxh5 Ng8 36. Ra3+ Kb7 37. Rh7 Rd7 38. e5 Kc6 39. Kb1 a5
40. Kc2 c4 41. f4 Kc5 42. Rg3 Ne7 43. Rxf7 Nf5 44. Rxd7 Nxg3 45. Rd6 Ne2 46. g3
b5 47. Kd2 Nd4 48. g4 b4 49. g5 c3+ 50. Kd3 c2 51. Kd2 a4 52. Rxd4 1-0

[Event "Tata Steel IND Blitz Open"]
[Site "Kolkata IND"]
[Date "2023.09.09"]
[Round "16.5"]
[White "Harikrishna, Pentala"]
[Black "Abdusattorov, Nodirbek"]
[Result "0-1"]
[WhiteTitle "GM"]
[BlackTitle "GM"]
[WhiteElo "2711"]
[BlackElo "2716"]
[WhiteFideId "5007003"]
[BlackFideId "14204118"]
[EventDate "2023.09.08"]

1. d4 Nf6 2. Nf3 d5 3. c3 c6 4. Qc2 g6 5. Bf4 Bg7 6. e3 O-O 7. h3 Re8 8. Nbd2
Nfd7 9. c4 e5 10. dxe5 Nxe5 11. Bxe5 Bxe5 12. cxd5 Bg7 13. dxc6 Nxc6 14. Bc4 Bf5
15. Qb3 Na5 16. Bxf7+ Kf8 17. Qd5 Qxd5 18. Bxd5 Bxb2 19. Rd1 Rad8 20. Nb3 Bc2
21. Ke2 Bxd1+ 22. Rxd1 Nxb3 23. axb3 Rd7 24. e4 Rc8 25. Rd2 Bc1 26. Ra2 Re8 27.
Kf1 a6 28. Nd4 Rde7 29. g3 Bh6 30. Re2 Bg7 31. Nf3 b5 32. Ra2 Ra7 33. Ng5 Bc3
34. Ne6+ Ke7 35. Nf4 Rc8 36. Nd3 a5 37. Nf4 a4 38. bxa4 bxa4 39. Ne2 a3 40. Bb3
Bb2 41. Nf4 Kd6 42. Nd3 Rc3 43. Nxb2 Rxb3 44. Nc4+ Kc5 45. Ne5 Re7 46. Rc2+ Kb5
47. Nc6 Rxe4 48. Na7+ Ka6 49. Nc6 Rb2 0-1

[Event "Tata Steel IND Blitz Open"]
[Site "Kolkata IND"]
[Date "2023.09.09"]
[Round "17.1"]
[White "Abdusattorov, Nodirbek"]
[Black "Grischuk, Alexander"]
[Result "1/2-1/2"]
[WhiteTitle "GM"]
[BlackTitle "GM"]
[WhiteElo "2716"]
[BlackElo "2732"]
[WhiteFideId "14204118"]
[BlackFideId "4126025"]
[EventDate "2023.09.08"]

1. e4 e5 2. Nf3 Nc6 3. Bc4 Bc5 4. d3 Nf6 5. Nc3 h6 6. O-O d6 7. a4 O-O 8. Be3
Bb6 9. h3 Be6 10. Nd2 Re8 11. Nd5 Bxd5 12. exd5 Ne7 13. Qf3 Ng6 14. a5 Bxe3 15.
fxe3 Qe7 16. e4 c6 17. dxc6 bxc6 18. Bb3 d5 19. Kh2 Red8 20. Rae1 Qb4 21. Rf2
Qxa5 22. Qg3 Kh7 23. Ref1 Rd6 24. d4 Re8 25. c3 Qd8 26. Bc2 Qe7 27. exd5 cxd5
28. dxe5 Qxe5 29. Bxg6+ fxg6 30. Qxe5 Rxe5 31. Nf3 Re7 32. Nd4 a6 33. Ra1 Rb7
34. Ra2 Ne4 35. Re2 Rdb6 36. h4 Nd6 37. Nc2 Nf5 38. Nb4 d4 39. Rxa6 Rxa6 40.
Nxa6 dxc3 41. bxc3 Ra7 42. Nc5 Rc7 43. Re5 Nxh4 44. Kg3 Nf5+ 45. Kf3 Nd6 46. Rd5
Nb5 47. c4 Na3 48. Ne6 Rf7+ 49. Ke4 Nxc4 50. Rd8 g5 51. Nf8+ Kg8 1/2-1/2

[Event "Tata Steel IND Blitz Open"]
[Site "Kolkata IND"]
[Date "2023.09.09"]
[Round "17.2"]
[White "Keymer, Vincent"]
[Black "Vidit, Santosh Gujrathi"]
[Result "1/2-1/2"]
[WhiteTitle "GM"]
[BlackTitle "GM"]
[WhiteElo "2717"]
[BlackElo "2716"]
[WhiteFideId "12940690"]
[BlackFideId "5029465"]
[EventDate "2023.09.08"]

1. c4 e5 2. d3 Nf6 3. Nf3 Nc6 4. a3 d5 5. cxd5 Nxd5 6. e4 Nf6 7. Be2 Bd6 8. O-O
O-O 9. h3 h6 10. Be3 Nh7 11. Nbd2 Qf6 12. Rc1 Rd8 13. b4 a6 14. Nb3 Nf8 15. Re1
Ne6 16. Bf1 Nf4 17. Nbd2 Be6 18. Qc2 Rac8 19. Qb2 Bf8 20. Rc3 g5 21. Rxc6 bxc6
22. Qxe5 Bg7 23. Qxf6 Bxf6 24. d4 Ra8 25. Nc4 Bxc4 26. Bxc4 a5 27. Bxf4 gxf4 28.
e5 Be7 29. Re4 axb4 30. axb4 Ra1+ 31. Kh2 Rc1 32. Be2 Rc2 33. Bd3 Rxf2 34. Rxf4
Bxb4 35. Bc4 Rf8 36. Rf6 c5 37. d5 Bc3 38. Rxh6 Rxf3 39. gxf3 Bxe5+ 40. Kg2 Rb8
41. Kf2 Rb4 42. Bd3 c4 43. Be4 c3 44. Rc6 Rb2+ 45. Ke3 Rd2 46. f4 Bd4+ 47. Kf3
Rf2+ 48. Kg4 Re2 49. Kf5 Rf2 50. Rxc7 Be3 51. Rxc3 Bxf4 52. Bf3 Bh2 53. h4 Kf8
54. h5 Kg7 55. Kg4 Rd2 56. Rc6 Rd4+ 57. Kh3 Bf4 58. Ra6 Bh6 59. Kg2 Bf4 60. Rc6
Rd2+ 61. Kh3 f5 62. Rg6+ Kf7 63. Rg2 Rxg2 64. Kxg2 Kf6 65. Kf2 Bd6 66. Ke2 f4
67. Kd3 Kg7 68. Ke4 Kh8 69. Kf5 Bb8 70. Ke6 Bc7 71. d6 Bxd6 72. Kxd6 1/2-1/2

[Event "Tata Steel IND Blitz Open"]
[Site "Kolkata IND"]
[Date "2023.09.09"]
[Round "17.3"]
[White "Harikrishna, Pentala"]
[Black "Vachier-Lagrave, Maxime"]
[Result "1-0"]
[WhiteTitle "GM"]
[BlackTitle "GM"]
[WhiteElo "2711"]
[BlackElo "2727"]
[WhiteFideId "5007003"]
[BlackFideId "623539"]
[EventDate "2023.09.08"]

1. d4 Nf6 2. Nf3 g6 3. Nbd2 d5 4. e3 Bg7 5. b3 c5 6. Bb2 O-O 7. dxc5 Qa5 8. a3
Qxc5 9. b4 Qc7 10. c4 a5 11. Be2 Na6 12. O-O Bg4 13. Qb3 dxc4 14. Bxc4 axb4 15.
axb4 e6 16. Be5 Qe7 17. Rab1 Bf5 18. Rb2 Rfd8 19. h3 Ne4 20. Bxg7 Kxg7 21. g4
Nxd2 22. Nxd2 Bxg4 23. hxg4 Qh4 24. Be2 Rac8 25. Ne4 Rd5 26. Rc2 Rcd8 27. Qb2+
e5 28. Rd2 Rxd2 29. Nxd2 f6 30. Qc3 Rd7 31. Ne4 Nc7 32. Rd1 Rf7 33. Qc4 Ne8 34.
Rd8 Rc7 35. Qe6 Rc1+ 36. Rd1 Rxd1+ 37. Bxd1 Kf8 38. Bb3 1-0

[Event "Tata Steel IND Blitz Open"]
[Site "Kolkata IND"]
[Date "2023.09.09"]
[Round "17.4"]
[White "Praggnanandhaa, R"]
[Black "Gukesh, D"]
[Result "1-0"]
[WhiteTitle "GM"]
[BlackTitle "GM"]
[WhiteElo "2727"]
[BlackElo "2758"]
[WhiteFideId "25059530"]
[BlackFideId "46616543"]
[EventDate "2023.09.08"]

1. Nf3 d5 2. g3 c6 3. Bg2 Bg4 4. O-O Nd7 5. h3 Bh5 6. d3 e5 7. c4 dxc4 8. dxc4
Ngf6 9. Nc3 Be7 10. Nh4 O-O 11. b3 Qc7 12. Nf5 Bb4 13. Bb2 Rfd8 14. Qc2 Bg6 15.
e4 Bf8 16. Nh4 Nc5 17. Rad1 a5 18. Nxg6 hxg6 19. Ne2 Ne6 20. Qc3 Nd7 21. h4 Bb4
22. Qc2 Bc5 23. Bh3 Ndf8 24. Kg2 a4 25. Bc3 axb3 26. axb3 Bd4 27. Bxd4 Nxd4 28.
Nxd4 exd4 29. c5 Qe7 30. f3 Ra5 31. b4 Ra3 32. Rd3 Rda8 33. Rf2 Qe5 34. Qc4 Rxd3
35. Qxd3 Ra4 36. Qb3 Ra1 37. Rd2 Qb8 38. Qb2 Qa7 39. Qxd4 Qa6 40. Kh2 Rb1 41.
Bg2 Qa3 42. Qe5 Ne6 43. Rd7 Qxb4 44. Qb8+ Kh7 45. Rxf7 Qxc5 46. Qe8 Qg1+ 47. Kh3
Rb2 48. Qxe6 Rxg2 49. Qe5 Rh2+ 50. Kg4 1-0

[Event "Tata Steel IND Blitz Open"]
[Site "Kolkata IND"]
[Date "2023.09.09"]
[Round "18.1"]
[White "Vachier-Lagrave, Maxime"]
[Black "Radjabov, Teimour"]
[Result "1/2-1/2"]
[WhiteTitle "GM"]
[BlackTitle "GM"]
[WhiteElo "2727"]
[BlackElo "2745"]
[WhiteFideId "623539"]
[BlackFideId "13400924"]
[EventDate "2023.09.08"]

1. e4 e6 2. d4 d5 3. Nc3 a6 4. Nf3 Nf6 5. Bd3 c5 6. exd5 exd5 7. dxc5 Bxc5 8.
O-O O-O 9. Bg5 Be6 10. Ne2 Nc6 11. c3 Bg4 12. Nf4 h6 13. Bxf6 Qxf6 14. Nxd5 Qd6
15. c4 Ne5 16. Be2 Bxf3 17. Bxf3 Nxc4 18. Rc1 Ne5 19. Qb3 b6 20. Rfd1 Rac8 21.
Be2 a5 22. h3 Rfd8 23. Rc3 Kf8 24. Qc2 Qg6 25. Qxg6 fxg6 26. Kf1 g5 27. a3 Rb8
28. b4 axb4 29. axb4 Bd6 30. g3 Ng6 31. Bh5 Ne7 32. b5 Nxd5 33. Rxd5 Bc5 34.
Rf5+ Kg8 35. Kg2 Rf8 36. Rcf3 Rxf5 37. Rxf5 Rf8 38. Rxf8+ 1/2-1/2

[Event "Tata Steel IND Blitz Open"]
[Site "Kolkata IND"]
[Date "2023.09.09"]
[Round "18.3"]
[White "Gukesh, D"]
[Black "Keymer, Vincent"]
[Result "0-1"]
[WhiteTitle "GM"]
[BlackTitle "GM"]
[WhiteElo "2758"]
[BlackElo "2717"]
[WhiteFideId "46616543"]
[BlackFideId "12940690"]
[EventDate "2023.09.08"]

1. d4 Nf6 2. Nf3 e6 3. e3 d5 4. b3 Bd6 5. Bb2 O-O 6. Nbd2 b6 7. Bd3 Bb7 8. O-O
Nbd7 9. c4 Ne4 10. Rc1 f5 11. cxd5 exd5 12. Ne5 Bxe5 13. dxe5 Ndc5 14. Be2 Ne6
15. Nxe4 fxe4 16. Bg4 Re8 17. f4 exf3 18. Qxf3 Qd7 19. Qh3 Ba6 20. Rfd1 c6 21.
e4 Rad8 22. exd5 cxd5 23. Ba3 Qf7 24. Bd6 d4 25. Bf5 h6 26. Bxe6 Rxe6 27. Rxd4
Rc8 28. Rdd1 Rxc1 29. Rxc1 Rg6 30. Qe3 Bb7 31. Rc2 Qd5 32. Rd2 Rxg2+ 0-1

[Event "Tata Steel IND Blitz Open"]
[Site "Kolkata IND"]
[Date "2023.09.09"]
[Round "18.4"]
[White "Vidit, Santosh Gujrathi"]
[Black "Abdusattorov, Nodirbek"]
[Result "0-1"]
[WhiteTitle "GM"]
[BlackTitle "GM"]
[WhiteElo "2716"]
[BlackElo "2716"]
[WhiteFideId "5029465"]
[BlackFideId "14204118"]
[EventDate "2023.09.08"]

1. d4 Nf6 2. c4 e6 3. Nc3 d5 4. cxd5 exd5 5. Bg5 c6 6. e3 Be7 7. Bd3 h6 8. Bh4
O-O 9. Nge2 Re8 10. a4 a5 11. O-O Na6 12. Rc1 Nb4 13. Bb1 b6 14. f3 c5 15. Nb5
Ba6 16. Nec3 Qd7 17. Qd2 Rad8 18. Bg3 Rc8 19. Rfe1 Bb7 20. Rcd1 Bf8 21. Be5 Qd8
22. Bf5 Nd7 23. Nd6 Bxd6 24. Bxd6 Bc6 25. Bg3 Qg5 26. Bb1 Nf8 27. Qf2 Ng6 28. h4
Qh5 29. e4 dxe4 30. Nxe4 Bxa4 31. Nd6 Bxd1 32. Nxe8 Ba4 33. Nd6 Rd8 34. Bf5 Rxd6
35. Bxd6 Qxf5 36. g4 Qd5 37. dxc5 Nd3 38. Qd2 Qxf3 39. Re3 Qxg4+ 40. Rg3 Qd4+
41. Re3 Bb5 42. h5 Qg4+ 43. Bg3 Qxh5 44. cxb6 Qd5 45. Qc3 Bc6 0-1